[Event "GER-chT U14"]
[Site "Kelheim"]
[Date "2022.12.29"]
[Round "5"]
[White "Akladius, Kyrillus"]
[Black "Schulz, Jonas"]
[Result "0-1"]
[WhiteElo "1245"]
[BlackElo "1350"]
[PlyCount "38"]
[EventDate "2022.12.26"]
[EventType "team-swiss"]
[EventRounds "7"]
[EventCountry "GER"]
[SourceTitle "CBM 212 Extra"]
[Source "ChessBase"]
[SourceDate "2023.03.31"]
[SourceVersion "1"]
[SourceVersionDate "2023.03.31"]
[SourceQuality "1"]
[WhiteTeam "Plauen Koenig"]
[BlackTeam "Karlsruhe"]
[WhiteTeamCountry "GER"]
[BlackTeamCountry "GER"]

1. e4 c6 2. Nf3 d5 3. Nc3 dxe4 4. Nxe4 Nf6 5. Nxf6+ exf6 6. d4 Bd6 7. Be3 0-0 8. Qd2 Re8 9. Be2 Bf5 10. h3 Nd7 11. 0-0-0 Nf8 12. g4 Be4 13. Rhg1 Qb6 14. g5 f5 15. Nh4 Ng6 16. Nxg6 fxg6 17. f3 Bd5 18. a3 Qc7 19. Bf2 Bf4 0-1

[Event "Baden Wuerttemberg-chT U12"]
[Site "Burg Ortenberg"]
[Date "2018.06.24"]
[Round "4.4"]
[White "Streich, Alexander"]
[Black "Schulz, Jonas"]
[Result "0-1"]
[WhiteElo "919"]
[BlackElo "1214"]
[PlyCount "48"]
[EventDate "2018.06.23"]
[EventType "team-tourn"]
[EventRounds "5"]
[EventCountry "GER"]
[SourceTitle "EXT 2019"]
[Source "ChessBase"]
[SourceDate "2018.10.10"]
[SourceVersion "1"]
[SourceVersionDate "2018.10.10"]
[SourceQuality "1"]
[WhiteTeam "Hohentuebingen U12"]
[BlackTeam "Karlsruhe U12"]
[WhiteTeamCountry "GER"]
[BlackTeamCountry "GER"]

1. e4 c6 2. Nf3 d5 3. e5 Bf5 4. d4 e6 5. Nc3 c5 6. a3 Nc6 7. Ne2 f6 8. Bf4 Be7 9. Be3 b6 10. g3 Qc7 11. c3 fxe5 12. dxe5 Nxe5 13. Bg2 Nd3+ 14. Kf1 Nxb2 15. Qb3 Nc4 16. Bf4 Bd6 17. Qd1 Nf6 18. Bxd6 Qxd6 19. h4 0-0 20. Bh3 Bxh3+ 21. Rxh3 Ng4 22. Ng5 Nce3+ 23. Ke1 Nxd1 24. Rxd1 h6 0-1

[Event "GER-ch U25-C"]
[Site "Willingen"]
[Date "2018.05.25"]
[Round "8"]
[White "Kail, Oliver"]
[Black "Schulz, Jonas"]
[Result "1/2-1/2"]
[WhiteElo "1362"]
[BlackElo "1078"]
[PlyCount "128"]
[EventDate "2018.05.19"]
[EventType "swiss"]
[EventRounds "9"]
[EventCountry "GER"]
[SourceTitle "CBM 184 Extra"]
[Source "ChessBase"]
[SourceDate "2018.06.28"]
[SourceVersion "1"]
[SourceVersionDate "2018.06.28"]
[SourceQuality "1"]

1. e4 c6 2. d4 d5 3. Nc3 dxe4 4. Nxe4 Bf5 5. Nc3 Nf6 6. h3 e6 7. a3 Nbd7 8. Bg5 Be7 9. Bc4 b5 10. Ba2 a5 11. Bb3 0-0 12. Nf3 h6 13. Bh4 Qc7 14. 0-0 Bd6 15. Qe1 a4 16. Ba2 Bxc2 17. Bxf6 Nxf6 18. Qd2 Bg6 19. Bb1 Bh5 20. g4 Bg6 21. Bxg6 fxg6 22. Rac1 Nxg4 23. hxg4 Rxf3 24. Nxb5 Qd7 25. Nxd6 Qxd6 26. Qe2 Raf8 27. Rce1 R3f6 28. Qe5 Qe7 29. Re3 Qb7 30. Re2 Qb3 31. Qe3 Qd5 32. Qe4 Qg5 33. Qg2 Rf4 34. Re4 Rxe4 35. Qxe4 Qd5 36. Re1 Rf6 37. Kg2 Kf7 38. f3 g5 39. Re3 Rf4 40. Qxd5 exd5 41. Rd3 Ke6 42. Kf2 Kd6 43. Ke3 Rf7 44. b3 axb3 45. Rxb3 c5 46. dxc5+ Kxc5 47. Rc3+ Kd6 48. Rb3 Ra7 49. Kd4 Ra4+ 50. Kd3 Ke5 51. Ke3 g6 52. Kf2 h5 53. Kg3 d4 54. Rb5+ Kd6 55. Rxg5 d3 56. Rxg6+ Ke7 57. Kf2 hxg4 58. fxg4 Rxa3 59. Ke3 Kf7 60. Rb6 Rc3 61. Rb4 Kf6 62. Rd4 Kg5 63. Rxd3 Rxd3+ 64. Kxd3 Kxg4 1/2-1/2

[Event "GER-ch U25-B"]
[Site "Willingen"]
[Date "2017.06.05"]
[Round "3"]
[White "Listing, Lara Marie"]
[Black "Schulz, Jonas"]
[Result "0-1"]
[WhiteElo "724"]
[BlackElo "1120"]
[PlyCount "91"]
[EventDate "2017.06.04"]
[EventType "swiss"]
[EventRounds "9"]
[EventCountry "GER"]
[SourceTitle "CBM 178 Extra"]
[Source "ChessBase"]
[SourceDate "2017.06.22"]
[SourceVersion "1"]
[SourceVersionDate "2017.06.22"]
[SourceQuality "1"]

1. e4 e5 2. Nf3 Nc6 3. Nc3 Bc5 4. Bc4 Nf6 5. d3 d6 6. Bg5 Bg4 7. Nd5 Nd4 8. c3 Nxf3+ 9. gxf3 Be6 10. Bxf6 gxf6 11. Ne3 Bxc4 12. Nxc4 Qe7 13. Qa4+ c6 14. Qd1 0-0-0 15. Rg1 Rhg8 16. Rxg8 Rxg8 17. Kd2 Rg2 18. Qh1 Rxf2+ 19. Kd1 Qf8 20. b4 Bb6 21. d4 exd4 22. cxd4 Bxd4 23. Rc1 Qg8 24. Ke1 Rg2 25. Kf1 Rg1+ 26. Qxg1 Bxg1 27. Ke2 Qg2+ 28. Kd3 Qxf3+ 29. Kc2 b5 30. Nxd6+ Kd7 31. Nc8 Kd8 32. Nxa7 Bxa7 33. Kb2 Qe2+ 34. Kb1 Qxe4+ 35. Kb2 Bd4+ 36. Kb3 h5 37. Rd1 Kc7 38. a4 Qf3+ 39. Kc2 Qe2+ 40. Rd2 Qe4+ 41. Kd1 Bc3 42. Rc2 Qd3+ 43. Kc1 Qf3 44. Kb1 Qd1+ 45. Rc1 Qd2 46. axb5 0-1

[Event "GER-ch U25-B"]
[Site "Willingen"]
[Date "2017.06.04"]
[Round "1"]
[White "Duong, Nhat Minh"]
[Black "Schulz, Jonas"]
[Result "1-0"]
[WhiteElo "936"]
[BlackElo "1120"]
[PlyCount "87"]
[EventDate "2017.06.04"]
[EventType "swiss"]
[EventRounds "9"]
[EventCountry "GER"]
[SourceTitle "CBM 178 Extra"]
[Source "ChessBase"]
[SourceDate "2017.06.22"]
[SourceVersion "1"]
[SourceVersionDate "2017.06.22"]
[SourceQuality "1"]

1. e4 e5 2. Nf3 Nc6 3. Bc4 Bc5 4. Nc3 Nf6 5. d3 d6 6. 0-0 Bg4 7. h3 Bh5 8. Be3 Nd4 9. Bxd4 Bxd4 10. Re1 0-0 11. Rb1 c6 12. a3 Qb6 13. Rf1 d5 14. exd5 cxd5 15. Bxd5 Nxd5 16. Nxd5 Qc6 17. Ne7+ Kh8 18. Nxc6 bxc6 19. c3 Bb6 20. d4 Rad8 21. Qd3 Bg6 22. Qe2 Bxb1 23. Rxb1 exd4 24. cxd4 Rfe8 25. Qc2 Rd6 26. Ng5 Rh6 27. Nxf7+ Kg8 28. Nxh6+ gxh6 29. Qxc6 Kf8 30. d5 h5 31. Qh6+ Kg8 32. Qxh5 Rc8 33. d6 Rd8 34. Rd1 Rf8 35. Qh4 Bxf2+ 36. Qxf2 Rxf2 37. Kxf2 Kf7 38. Re1 a5 39. d7 a4 40. d8Q h5 41. Qb6 h4 42. Rc1 Ke7 43. Rc7+ Ke8 44. Qb8# 1-0